| 000 | 00923nam a22002777a 4500 | ||
|---|---|---|---|
| 005 | 20230512224102.0 | ||
| 008 | 230310t xxu||||| |||| 00| 0 eng d | ||
| 020 | _a9781426219818 | ||
| 040 | _cCSPC | ||
| 050 | 0 | _aAY81.J8 | |
| 082 | 0 |
_a031.02 _bN213 |
|
| 245 | 0 | 0 |
_aNational geographic almanac 2019 : _bhot new science, incredible photographs, maps, facts, infographics and more. |
| 260 |
_aWashington, DC: _bNational Geographic Partners, _c2019 |
||
| 300 |
_a398 pages : _bchiefly colored illustrations ; _c24 cm. |
||
| 336 |
_2rdacontent _atext |
||
| 337 |
_2rdamedia _aunmediated |
||
| 338 |
_2rdacarrier _avolume |
||
| 500 | _aIncludes index. | ||
| 650 | 1 | 0 | _aAlmanacs, American. |
| 650 | 1 | 0 |
_aStatistics _vPeriodicals. |
| 650 | 1 | 0 |
_aGeography _vPeriodicals. |
| 940 | _ajessa f | ||
| 942 |
_cBOOK _jGNR 031.02 N213 2019 |
||
| 999 |
_c13144 _d13144 |
||